[Event "DVM U20 2022"]
[Site "Münster GER"]
[Date "2022.12.30"]
[Round "7"]
[White "Fischer, Darja"]
[Black "Freiherr von Hauff, Christopher"]
[Result "0-1"]
[Termination "normal"]
[Board "6.3"]
[WhiteElo "1762"]
[BlackElo "1852"]
[WhiteClock "00:34:05"]
[BlackClock "00:41:46"]
[WhiteTeam "Karlsruher SF 1853"]
[BlackTeam "SK Bebenhausen 1992"]
[PlyCount "93"]
[WhiteFideId "16240898"]
[BlackFideId "16200691"]
[EventCountry "GER"]
[EventRounds "7"]
[EventType "team-swiss"]
[EventDate "2022.12.26"]

1. d4 {[%clk 01:30:59]} {[%emt 11:29:27]} Nf6 {[%clk 01:30:55]} {[%emt
00:00:06]} 2. c4 {[%clk 01:31:26]} {[%emt 00:00:03]} e6 {[%clk 01:31:19]}
{[%emt 00:00:05]} 3. Nc3 {[%clk 01:31:51]} {[%emt 00:00:06]} Bb4 {[%clk
01:31:43]} {[%emt 00:00:06]} 4. Nf3 {[%clk 01:32:10]} {[%emt 00:00:11]} b6
{[%clk 01:30:16]} {[%emt 00:01:57]} 5. Bg5 {[%clk 01:31:24]} {[%emt 00:01:16]}
h6 {[%clk 01:29:31]} {[%emt 00:01:15]} 6. Bh4 {[%clk 01:31:46]} {[%emt
00:00:08]} g5 {[%clk 01:29:23]} {[%emt 00:00:38]} 7. Bg3 {[%clk 01:32:09]}
{[%emt 00:00:07]} Ne4 {[%clk 01:28:20]} {[%emt 00:01:33]} 8. Rc1 {[%clk
01:27:56]} {[%emt 00:04:42]} Bb7 {[%clk 01:25:21]} {[%emt 00:03:29]} 9. Nd2
{[%clk 01:23:57]} {[%emt 00:04:30]} Bxc3 {[%clk 01:25:01]} {[%emt 00:00:50]}
10. bxc3 {[%clk 01:24:18]} {[%emt 00:00:09]} Nxd2 {[%clk 01:04:48]} {[%emt
00:20:43]} 11. Qxd2 {[%clk 01:24:15]} {[%emt 00:00:33]} d6 {[%clk 01:02:26]}
{[%emt 00:02:52]} 12. f3 {[%clk 01:21:08]} {[%emt 00:03:37]} f5 {[%clk
01:01:46]} {[%emt 00:01:10]} 13. e3 {[%clk 01:18:56]} {[%emt 00:02:42]} Nd7
{[%clk 01:01:18]} {[%emt 00:00:58]} 14. Bd3 {[%clk 01:17:24]} {[%emt 00:02:02]}
Nf6 {[%clk 01:01:13]} {[%emt 00:00:35]} 15. Qe2 {[%clk 01:14:47]} {[%emt
00:03:06]} Nh5 {[%clk 00:57:13]} {[%emt 00:04:30]} 16. Bf2 {[%clk 01:11:22]}
{[%emt 00:03:55]} Qe7 {[%clk 00:56:26]} {[%emt 00:01:18]} 17. Kd2 {[%clk
01:07:13]} {[%emt 00:04:37]} O-O-O {[%clk 00:54:46]} {[%emt 00:02:10]} 18. Kc2
{[%clk 00:58:13]} {[%emt 00:09:31]} Rhf8 {[%clk 00:51:59]} {[%emt 00:03:17]}
19. Rhf1 {[%clk 00:50:24]} {[%emt 00:08:18]} Kb8 {[%emt 00:01:40]} 20. Rcd1
{[%clk 00:48:01]} e5 {[%clk 00:47:12]} {[%emt 00:07:01]} 21. Kb2 {[%clk
00:43:23]} e4 {[%clk 00:41:34]} {[%emt 00:11:16]} 22. fxe4 {[%clk 00:39:50]}
fxe4 {[%clk 00:41:51]} {[%emt 00:04:16]} 23. Bc2 {[%clk 00:40:00]} Nf6 {[%clk
00:41:46]} {[%emt 00:00:55]} 24. Bg3 {[%clk 00:34:05]} Ba6 {[%clk 00:41:46]}
25. Ba4 {[%clk 00:34:05]} Rf7 {[%clk 00:41:46]} 26. Bb5 {[%clk 00:34:05]} Bb7
{[%clk 00:41:46]} 27. Rf2 {[%clk 00:34:05]} Rdf8 {[%clk 00:41:46]} 28. Rdf1
{[%clk 00:34:05]} a5 {[%clk 00:41:46]} 29. Ba4 {[%clk 00:34:05]} Bc8 {[%clk
00:41:46]} 30. Bb3 {[%clk 00:34:05]} Nd7 {[%clk 00:41:46]} 31. Rxf7 {[%clk
00:34:05]} Rxf7 {[%clk 00:41:46]} 32. Rxf7 {[%clk 00:34:05]} Qxf7 {[%clk
00:41:46]} 33. c5 {[%clk 00:34:05]} d5 {[%clk 00:41:46]} 34. cxb6 {[%clk
00:34:05]} Nxb6 {[%clk 00:41:46]} 35. Qf2 {[%clk 00:34:05]} Bf5 {[%clk
00:41:46]} 36. Be5 {[%clk 00:34:05]} Qd7 {[%clk 00:41:46]} 37. h4 {[%clk
00:34:05]} Kb7 {[%clk 00:41:46]} 38. Qg3 {[%clk 00:34:05]} Na4 {[%clk
00:41:46]} 39. Bxa4 {[%clk 00:34:05]} Qxa4 {[%clk 00:41:46]} 40. hxg5 {[%clk
00:34:05]} Qb5 {[%clk 00:41:46]} 41. Kc1 {[%clk 00:34:05]} Qf1 {[%clk
00:41:46]} 42. Kb2 {[%clk 00:34:05]} Qe2 {[%clk 00:41:46]} 43. Ka3 {[%clk
00:34:05]} Qc2 {[%clk 00:41:46]} 44. Bxc7 {[%clk 00:34:05]} a4 {[%clk
00:41:46]} 45. Kb4 {[%clk 00:34:05]} Qb3 {[%clk 00:41:46]} 46. Ka5 {[%clk
00:34:05]} Bd7 {[%clk 00:41:46]} 47. c4 {[%clk 00:34:05]} 0-1

[Event "DVM U20 2022"]
[Site "Münster GER"]
[Date "2022.12.30"]
[Round "7"]
[White "Kauth, Lukas"]
[Black "Borodaev, Roman"]
[Result "1/2-1/2"]
[Termination "normal"]
[Board "6.4"]
[WhiteElo "1488"]
[BlackElo "1678"]
[WhiteClock "00:15:28"]
[BlackClock "00:14:01"]
[WhiteTeam "SK Bebenhausen 1992"]
[BlackTeam "Karlsruher SF 1853"]
[PlyCount "76"]
[WhiteFideId "16272994"]
[BlackFideId "16274881"]
[EventCountry "GER"]
[EventRounds "7"]
[EventType "team-swiss"]
[EventDate "2022.12.26"]

1. e4 {[%clk 01:30:54]} {[%emt 00:00:06]} c5 {[%clk 01:30:56]} {[%emt
00:00:05]} 2. Nf3 {[%clk 01:31:14]} {[%emt 00:00:09]} Nc6 {[%clk 01:31:23]}
{[%emt 00:00:03]} 3. d4 {[%clk 01:31:24]} {[%emt 00:00:21]} cxd4 {[%clk
01:31:50]} {[%emt 00:00:03]} 4. Nxd4 {[%clk 01:31:49]} {[%emt 00:00:04]} g6
{[%clk 01:32:19]} {[%emt 00:00:02]} 5. c4 {[%clk 01:31:39]} {[%emt 00:00:40]}
Bg7 {[%clk 01:32:47]} {[%emt 00:00:02]} 6. Be3 {[%clk 01:31:42]} {[%emt
00:00:26]} Qb6 {[%clk 01:33:14]} {[%emt 00:00:03]} 7. Nb5 {[%clk 01:31:49]}
{[%emt 00:00:23]} Qa5 {[%clk 01:33:38]} {[%emt 00:00:06]} 8. Bd2 {[%clk
01:32:06]} {[%emt 00:00:12]} Qd8 {[%clk 01:34:04]} {[%emt 00:00:04]} 9. N1c3
{[%clk 01:32:25]} {[%emt 00:00:11]} a6 {[%clk 01:34:27]} {[%emt 00:00:08]} 10.
Na3 {[%clk 01:32:38]} {[%emt 00:00:16]} Nf6 {[%clk 01:34:26]} {[%emt 00:00:31]}
11. Be2 {[%clk 01:32:22]} {[%emt 00:00:45]} O-O {[%clk 01:34:44]} {[%emt
00:00:13]} 12. O-O {[%clk 01:31:27]} {[%emt 00:01:26]} Nd4 {[%clk 01:35:05]}
{[%emt 00:00:09]} 13. Bd3 {[%clk 01:31:30]} {[%emt 00:00:26]} d6 {[%clk
01:29:12]} {[%emt 00:06:24]} 14. Nc2 {[%clk 01:26:24]} {[%emt 00:05:36]} Nc6
{[%clk 01:15:46]} {[%emt 00:13:57]} 15. Be2 {[%clk 01:24:35]} {[%emt 00:02:19]}
Nd7 {[%clk 01:14:03]} {[%emt 00:02:13]} 16. Rc1 {[%clk 01:16:40]} {[%emt
00:08:25]} Nc5 {[%clk 01:08:47]} {[%emt 00:05:45]} 17. f3 {[%clk 01:10:00]}
{[%emt 00:07:08]} e5 {[%clk 01:07:33]} {[%emt 00:01:46]} 18. Nd5 {[%clk
01:05:46]} {[%emt 00:04:43]} Ne6 {[%clk 01:07:38]} {[%emt 00:00:27]} 19. Be3
{[%clk 00:59:48]} {[%emt 00:06:26]} Ned4 {[%clk 01:03:12]} {[%emt 00:04:57]}
20. Nxd4 {[%clk 00:56:19]} {[%emt 00:03:58]} Nxd4 {[%clk 01:03:40]} {[%emt
00:00:02]} 21. Bd3 {[%clk 00:54:16]} {[%emt 00:02:30]} f5 {[%clk 00:57:05]}
{[%emt 00:07:08]} 22. f4 {[%clk 00:48:02]} {[%emt 00:06:44]} Be6 {[%clk
00:49:02]} {[%emt 00:08:34]} 23. Qd2 {[%clk 00:43:37]} {[%emt 00:04:54]} Bxd5
{[%clk 00:46:27]} {[%emt 00:03:06]} 24. cxd5 {[%emt 00:01:37]} Qd7 {[%clk
00:45:44]} {[%emt 00:01:04]} 25. fxe5 {[%clk 00:33:01]} {[%emt 00:10:07]} dxe5
{[%clk 00:45:56]} {[%emt 00:00:19]} 26. b3 {[%clk 00:24:37]} {[%emt 00:08:53]}
Rac8 {[%clk 00:26:30]} {[%emt 00:19:56]} 27. Rxc8 {[%clk 00:22:14]} {[%emt
00:02:52]} Rxc8 {[%clk 00:26:59]} {[%emt 00:00:02]} 28. Bxd4 {[%clk 00:21:07]}
{[%emt 00:01:37]} exd4 {[%clk 00:27:24]} {[%emt 00:00:06]} 29. exf5 {[%clk
00:21:17]} {[%emt 00:00:20]} Rf8 {[%clk 00:26:26]} {[%emt 00:01:29]} 30. fxg6
{[%clk 00:19:28]} {[%emt 00:02:18]} Rxf1 {[%clk 00:26:53]} {[%emt 00:00:03]}
31. Kxf1 {[%clk 00:19:27]} {[%emt 00:00:31]} hxg6 {[%clk 00:26:56]} {[%emt
00:00:27]} 32. Bxg6 {[%clk 00:17:27]} {[%emt 00:02:30]} Qxd5 {[%clk 00:26:31]}
{[%emt 00:00:54]} 33. Bd3 {[%clk 00:17:39]} {[%emt 00:00:16]} Qd6 {[%clk
00:23:19]} {[%emt 00:03:44]} 34. Bc4 {[%clk 00:16:43]} {[%emt 00:01:26]} Kh8
{[%clk 00:23:17]} {[%emt 00:00:32]} 35. Qg5 {[%clk 00:15:01]} {[%emt 00:02:05]}
Qxh2 {[%clk 00:13:56]} {[%emt 00:09:59]} 36. Qd8 {[%clk 00:15:03]} {[%emt
00:00:28]} Kh7 {[%clk 00:14:21]} {[%emt 00:00:05]} 37. Bd3 {[%clk 00:15:18]}
{[%emt 00:00:13]} Kh6 {[%clk 00:14:41]} {[%emt 00:00:11]} 38. Qb6 {[%clk
00:15:28]} {[%emt 00:00:20]} Kh5 {[%clk 00:14:01]} 1/2-1/2

[Event "DVM U20 2022"]
[Site "Münster GER"]
[Date "2022.12.30"]
[Round "7"]
[White "Scheifel, Maximilian"]
[Black "Giannakoglou, Alexandros"]
[Result "1-0"]
[Termination "normal"]
[Board "6.5"]
[WhiteElo "1561"]
[BlackElo "1353"]
[WhiteClock "00:41:19"]
[BlackClock "00:25:33"]
[WhiteTeam "Karlsruher SF 1853"]
[BlackTeam "SK Bebenhausen 1992"]
[PlyCount "147"]
[WhiteFideId "16279433"]
[BlackFideId "4288580"]
[EventCountry "GER"]
[EventRounds "7"]
[EventType "team-swiss"]
[EventDate "2022.12.26"]

1. e4 {[%clk 01:30:52]} {[%emt 00:00:07]} e5 {[%clk 01:30:51]} {[%emt
00:00:09]} 2. Nf3 {[%clk 01:30:55]} {[%emt 00:00:27]} Nc6 {[%clk 01:30:52]}
{[%emt 00:00:28]} 3. Bb5 {[%clk 01:31:05]} {[%emt 00:00:21]} a6 {[%clk
01:30:52]} {[%emt 00:00:30]} 4. Ba4 {[%clk 01:31:28]} {[%emt 00:00:07]} Bc5
{[%clk 01:30:09]} {[%emt 00:01:12]} 5. O-O {[%clk 01:31:26]} {[%emt 00:00:31]}
Nf6 {[%clk 01:29:49]} {[%emt 00:00:49]} 6. Re1 {[%clk 01:31:18]} {[%emt
00:00:38]} b5 {[%clk 01:28:04]} {[%emt 00:02:16]} 7. Bb3 {[%clk 01:30:09]}
{[%emt 00:01:39]} O-O {[%clk 01:26:29]} {[%emt 00:02:05]} 8. c3 {[%clk
01:27:37]} {[%emt 00:03:02]} d6 {[%clk 01:16:38]} {[%emt 00:10:21]} 9. d3
{[%clk 01:23:52]} {[%emt 00:04:16]} h6 {[%clk 01:15:25]} {[%emt 00:01:43]} 10.
Nbd2 {[%clk 01:21:40]} {[%emt 00:02:42]} Bg4 {[%clk 01:13:04]} {[%emt
00:02:51]} 11. Nf1 {[%clk 01:20:14]} {[%emt 00:01:55]} Re8 {[%clk 01:10:38]}
{[%emt 00:02:58]} 12. h3 {[%clk 01:20:06]} {[%emt 00:00:38]} Bh5 {[%clk
01:10:55]} {[%emt 00:00:12]} 13. Ng3 {[%clk 01:20:30]} {[%emt 00:00:07]} Bg6
{[%clk 01:09:56]} {[%emt 00:01:29]} 14. Be3 {[%clk 01:16:34]} {[%emt 00:04:25]}
Bxe3 {[%clk 01:08:33]} {[%emt 00:01:54]} 15. Rxe3 {[%clk 01:15:08]} {[%emt
00:01:56]} d5 {[%clk 01:08:36]} {[%emt 00:00:27]} 16. Bc2 {[%clk 01:09:37]}
{[%emt 00:06:00]} dxe4 {[%clk 01:00:57]} {[%emt 00:08:10]} 17. dxe4 {[%clk
01:09:51]} {[%emt 00:00:15]} Qxd1 {[%clk 00:56:34]} {[%emt 00:04:53]} 18. Rxd1
{[%clk 01:10:20]} {[%emt 00:00:01]} Na5 {[%clk 00:55:27]} {[%emt 00:01:35]} 19.
b3 {[%clk 01:04:10]} {[%emt 00:06:42]} c5 {[%clk 00:49:51]} {[%emt 00:06:06]}
20. Rd6 {[%clk 01:02:32]} {[%emt 00:01:58]} c4 {[%clk 00:39:50]} {[%emt
00:10:40]} 21. b4 {[%clk 00:58:47]} {[%emt 00:04:16]} Nb7 {[%clk 00:40:07]}
{[%emt 00:00:12]} 22. Rb6 {[%clk 00:58:23]} {[%emt 00:00:51]} Ra7 {[%clk
00:36:32]} {[%emt 00:04:05]} 23. a4 {[%clk 00:56:58]} {[%emt 00:01:58]} Nd7
{[%clk 00:32:07]} {[%emt 00:04:53]} 24. Rc6 {[%clk 00:56:56]} {[%emt 00:00:31]}
f6 {[%clk 00:22:58]} {[%emt 00:09:43]} 25. Rc7 {[%clk 00:53:25]} {[%emt
00:03:56]} Nf8 {[%clk 00:22:13]} {[%emt 00:01:18]} 26. Nh4 {[%clk 00:52:11]}
{[%emt 00:01:43]} Bf7 {[%clk 00:21:11]} {[%emt 00:01:33]} 27. Ngf5 {[%clk
00:47:08]} {[%emt 00:05:29]} Ne6 {[%clk 00:20:05]} {[%emt 00:01:37]} 28. Rd7
{[%clk 00:41:29]} {[%emt 00:06:13]} Rd8 {[%clk 00:18:43]} {[%emt 00:01:50]} 29.
Rxd8 {[%clk 00:37:06]} {[%emt 00:04:55]} Nbxd8 {[%clk 00:18:29]} {[%emt
00:00:45]} 30. Nd6 {[%clk 00:35:06]} {[%emt 00:02:27]} Rd7 {[%clk 00:15:19]}
{[%emt 00:03:42]} 31. Nhf5 {[%clk 00:34:00]} {[%emt 00:01:33]} Nb7 {[%clk
00:14:01]} {[%emt 00:01:51]} 32. Nxb7 {[%clk 00:19:17]} {[%emt 00:15:13]} Rxb7
{[%clk 00:14:23]} {[%emt 00:00:08]} 33. Re2 {[%clk 00:18:31]} {[%emt 00:01:15]}
Rd7 {[%clk 00:13:39]} {[%emt 00:01:13]} 34. f3 {[%clk 00:15:28]} {[%emt
00:03:36]} Nf4 {[%clk 00:08:52]} {[%emt 00:05:16]} 35. Rf2 {[%clk 00:15:50]}
{[%emt 00:00:08]} Kh7 {[%clk 00:04:40]} {[%emt 00:04:41]} 36. Kh2 {[%clk
00:10:56]} {[%emt 00:05:24]} g6 {[%clk 00:03:08]} {[%emt 00:02:04]} 37. Ne3
{[%clk 00:10:48]} {[%emt 00:00:36]} Be6 {[%clk 00:01:28]} {[%emt 00:02:11]} 38.
h4 {[%clk 00:08:06]} {[%emt 00:03:12]} Nh5 {[%clk 00:01:02]} {[%emt 00:00:56]}
39. axb5 {[%clk 00:07:19]} {[%emt 00:01:17]} axb5 {[%clk 00:01:24]} {[%emt
00:00:08]} 40. Bb1 {[%clk 00:07:31]} {[%emt 00:00:17]} Ng7 {[%clk 00:00:42]}
{[%emt 00:01:13]} 41. Ra2 {[%clk 00:07:41]} {[%emt 00:00:19]} f5 {[%clk
00:25:31]} {[%emt 00:05:42]} 42. exf5 {[%clk 00:36:05]} {[%emt 00:02:06]} Nxf5
{[%clk 00:23:33]} {[%emt 00:02:28]} 43. Ng4 {[%clk 00:35:09]} {[%emt 00:01:25]}
Nxh4 {[%clk 00:18:55]} {[%emt 00:05:08]} 44. Nf6 {[%clk 00:35:16]} {[%emt
00:00:23]} Kg7 {[%clk 00:18:11]} {[%emt 00:01:15]} 45. Nxd7 {[%clk 00:35:44]}
{[%emt 00:00:02]} Bxd7 {[%clk 00:18:35]} {[%emt 00:00:06]} 46. Ra7 {[%clk
00:36:11]} {[%emt 00:00:02]} Kf6 {[%clk 00:18:46]} {[%emt 00:00:19]} 47. Rxd7
{[%clk 00:36:23]} {[%emt 00:00:18]} Nf5 {[%clk 00:18:58]} {[%emt 00:00:17]} 48.
Rb7 {[%clk 00:36:28]} {[%emt 00:00:23]} Nd6 {[%clk 00:19:07]} {[%emt 00:00:23]}
49. Rb6 {[%clk 00:36:36]} {[%emt 00:00:23]} Ke6 {[%clk 00:19:17]} {[%emt
00:00:20]} 50. Be4 {[%clk 00:36:18]} {[%emt 00:00:46]} g5 {[%clk 00:19:26]}
{[%emt 00:00:23]} 51. Kg3 {[%clk 00:35:23]} {[%emt 00:01:24]} h5 {[%clk
00:19:42]} {[%emt 00:00:15]} 52. Rb8 {[%clk 00:35:11]} {[%emt 00:00:37]} Nf5
{[%clk 00:19:32]} {[%emt 00:00:45]} 53. Bxf5 {[%clk 00:35:32]} {[%emt
00:00:10]} Kxf5 {[%clk 00:19:55]} {[%emt 00:00:07]} 54. Rxb5 {[%clk 00:35:53]}
{[%emt 00:00:08]} h4 {[%clk 00:19:56]} {[%emt 00:00:29]} 55. Kf2 {[%clk
00:36:17]} {[%emt 00:00:05]} g4 {[%clk 00:20:16]} {[%emt 00:00:11]} 56. Rc5
{[%clk 00:36:34]} {[%emt 00:00:14]} h3 {[%clk 00:20:17]} {[%emt 00:00:29]} 57.
gxh3 {[%clk 00:36:49]} {[%emt 00:00:14]} gxh3 {[%clk 00:20:40]} {[%emt
00:00:07]} 58. Rxc4 {[%clk 00:37:03]} {[%emt 00:00:16]} h2 {[%clk 00:20:39]}
{[%emt 00:00:31]} 59. Rh4 {[%clk 00:37:27]} {[%emt 00:00:06]} h1=Q {[%clk
00:20:50]} {[%emt 00:00:19]} 60. Rxh1 {[%clk 00:37:56]} {[%emt 00:00:02]} e4
{[%clk 00:21:12]} {[%emt 00:00:07]} 61. Ke3 {[%clk 00:38:08]} {[%emt 00:00:18]}
exf3 {[%emt 00:00:15]} 62. Kxf3 {[%clk 00:38:29]} {[%emt 00:00:07]} Ke5 {[%clk
00:21:53]} {[%emt 00:00:07]} 63. Rh5 {[%clk 00:38:49]} {[%emt 00:00:10]} Kd6
{[%clk 00:22:12]} {[%emt 00:00:11]} 64. Ke4 {[%clk 00:39:11]} {[%emt 00:00:07]}
Kc6 {[%clk 00:22:28]} {[%emt 00:00:14]} 65. Kd4 {[%clk 00:39:33]} {[%emt
00:00:08]} Kb6 {[%clk 00:22:48]} {[%emt 00:00:10]} 66. Kc4 {[%clk 00:39:49]}
{[%emt 00:00:15]} Ka6 {[%clk 00:23:05]} {[%emt 00:00:14]} 67. Rh6 {[%clk
00:40:13]} {[%emt 00:00:06]} Kb7 {[%clk 00:23:25]} {[%emt 00:00:10]} 68. Kc5
{[%clk 00:40:32]} {[%emt 00:00:11]} Ka7 {[%clk 00:23:43]} {[%emt 00:00:13]} 69.
Kb5 {[%clk 00:40:53]} {[%emt 00:00:08]} Kb7 {[%clk 00:24:04]} {[%emt 00:00:09]}
70. Rh7 {[%clk 00:41:19]} {[%emt 00:00:04]} Kc8 {[%clk 00:24:24]} {[%emt
00:00:11]} 71. Kc6 {[%clk 00:41:24]} {[%emt 00:00:24]} Kb8 {[%clk 00:24:48]}
{[%emt 00:00:06]} 72. b5 {[%clk 00:41:01]} {[%emt 00:00:53]} Ka8 {[%clk
00:25:09]} {[%emt 00:00:08]} 73. b6 {[%clk 00:41:19]} {[%emt 00:00:12]} Kb8
{[%clk 00:25:33]} {[%emt 00:00:07]} 74. Rh8# {[%emt 00:00:02]} 1-0

[Event "DVM U20 2022"]
[Site "Münster GER"]
[Date "2022.12.30"]
[Round "7"]
[White "Schubert, Nikita"]
[Black "Schneider, Jana"]
[Result "0-1"]
[Termination "normal"]
[Board "7.1"]
[BlackTitle "FM"]
[WhiteElo "1939"]
[BlackElo "2272"]
[WhiteClock "00:01:11"]
[BlackClock "00:15:59"]
[WhiteTeam "ESV Gera"]
[BlackTeam "SC Bavaria Regensburg von 1881 e.V."]
[PlyCount "94"]
[WhiteFideId "16212339"]
[BlackFideId "12924997"]
[EventCountry "GER"]
[EventRounds "7"]
[EventType "team-swiss"]
[EventDate "2022.12.26"]

1. d4 {[%clk 01:30:55]} {[%emt 00:00:04]} d5 {[%clk 01:30:49]} {[%emt
00:00:12]} 2. Nf3 {[%clk 01:31:07]} {[%emt 00:00:18]} e6 {[%clk 01:30:50]}
{[%emt 00:00:28]} 3. g3 {[%clk 01:31:17]} {[%emt 00:00:20]} b5 {[%clk
01:28:29]} {[%emt 00:02:51]} 4. Bg2 {[%clk 01:30:46]} {[%emt 00:01:29]} Nf6
{[%clk 01:28:14]} {[%emt 00:01:17]} 5. O-O {[%clk 01:30:30]} {[%emt 00:00:46]}
Be7 {[%clk 01:27:53]} {[%emt 00:00:51]} 6. b3 {[%clk 01:24:23]} {[%emt
00:06:38]} O-O {[%clk 01:25:08]} {[%emt 00:03:15]} 7. Ne5 {[%clk 01:21:12]}
{[%emt 00:03:40]} Nfd7 {[%clk 01:17:11]} {[%emt 00:08:27]} 8. Nxd7 {[%clk
01:06:49]} {[%emt 00:14:54]} Nxd7 {[%clk 01:16:46]} {[%emt 00:00:54]} 9. c4
{[%clk 01:06:30]} {[%emt 00:00:49]} bxc4 {[%clk 01:13:03]} {[%emt 00:04:13]}
10. bxc4 {[%clk 01:06:52]} {[%emt 00:00:08]} c6 {[%clk 01:10:16]} {[%emt
00:03:16]} 11. cxd5 {[%clk 00:56:26]} {[%emt 00:10:56]} cxd5 {[%clk 01:10:03]}
{[%emt 00:00:43]} 12. Nd2 {[%clk 00:50:26]} {[%emt 00:06:30]} Qa5 {[%clk
01:01:37]} {[%emt 00:08:55]} 13. Nb3 {[%clk 00:49:48]} {[%emt 00:01:09]} Qa4
{[%clk 01:00:25]} {[%emt 00:01:42]} 14. e4 {[%clk 00:39:22]} {[%emt 00:10:56]}
Nf6 {[%clk 00:51:50]} {[%emt 00:09:05]} 15. e5 {[%clk 00:31:59]} {[%emt
00:07:53]} Nd7 {[%clk 00:48:39]} {[%emt 00:03:41]} 16. Re1 {[%clk 00:23:31]}
{[%emt 00:08:58]} Bb4 {[%clk 00:46:24]} {[%emt 00:02:45]} 17. Bd2 {[%clk
00:23:25]} {[%emt 00:00:35]} Ba6 {[%clk 00:46:14]} {[%emt 00:00:40]} 18. Bf1
{[%clk 00:22:51]} {[%emt 00:01:04]} Bc4 {[%clk 00:44:52]} {[%emt 00:01:52]} 19.
Bxb4 {[%clk 00:18:26]} {[%emt 00:04:55]} Qxb4 {[%clk 00:45:05]} {[%emt
00:00:18]} 20. Qd2 {[%clk 00:18:18]} {[%emt 00:00:38]} a5 {[%clk 00:37:58]}
{[%emt 00:07:37]} 21. Reb1 {[%clk 00:16:05]} {[%emt 00:02:43]} Rfb8 {[%clk
00:36:47]} {[%emt 00:01:40]} 22. Qe3 {[%clk 00:12:32]} {[%emt 00:04:03]} Qa3
{[%clk 00:34:09]} {[%emt 00:03:08]} 23. Qc1 {[%clk 00:03:11]} {[%emt 00:09:51]}
Qa4 {[%clk 00:30:40]} {[%emt 00:04:00]} 24. Qd2 {[%clk 00:01:52]} {[%emt
00:01:48]} Rb4 {[%clk 00:23:22]} {[%emt 00:07:48]} 25. Bxc4 {[%clk 00:00:59]}
{[%emt 00:01:23]} Rxc4 {[%clk 00:13:40]} {[%emt 00:10:12]} 26. Rc1 {[%clk
00:01:25]} {[%emt 00:00:05]} h6 {[%clk 00:12:48]} {[%emt 00:01:22]} 27. Rc2
{[%clk 00:01:07]} {[%emt 00:00:48]} Qb5 {[%clk 00:11:38]} {[%emt 00:01:40]} 28.
Rac1 {[%clk 00:01:12]} {[%emt 00:00:24]} a4 {[%clk 00:11:49]} {[%emt 00:00:19]}
29. Rxc4 {[%clk 00:00:50]} {[%emt 00:00:52]} dxc4 {[%clk 00:12:11]} {[%emt
00:00:08]} 30. Na1 {[%clk 00:01:07]} {[%emt 00:00:13]} Nb6 {[%clk 00:11:52]}
{[%emt 00:00:49]} 31. Qd1 {[%clk 00:00:44]} {[%emt 00:00:54]} Rd8 {[%clk
00:10:09]} {[%emt 00:02:12]} 32. Nc2 {[%clk 00:00:58]} {[%emt 00:00:16]} c3
{[%clk 00:10:03]} {[%emt 00:00:35]} 33. Ne3 {[%clk 00:00:58]} {[%emt 00:00:31]}
Rc8 {[%clk 00:07:35]} {[%emt 00:02:58]} 34. Rb1 {[%clk 00:01:12]} {[%emt
00:00:16]} Qc6 {[%clk 00:07:09]} {[%emt 00:00:56]} 35. Qc2 {[%clk 00:00:43]}
{[%emt 00:00:59]} Qc7 {[%clk 00:04:00]} {[%emt 00:03:40]} 36. Rb4 {[%clk
00:00:51]} {[%emt 00:00:22]} Qd8 {[%clk 00:03:41]} {[%emt 00:00:49]} 37. h4
{[%clk 00:00:46]} {[%emt 00:00:34]} h5 {[%clk 00:03:49]} {[%emt 00:00:22]} 38.
Kh2 {[%clk 00:00:45]} {[%emt 00:00:31]} Rc6 {[%clk 00:04:08]} {[%emt 00:00:12]}
39. a3 {[%clk 00:00:37]} {[%emt 00:00:38]} Qc7 {[%clk 00:03:59]} {[%emt
00:00:39]} 40. d5 {[%clk 00:00:38]} {[%emt 00:00:30]} exd5 {[%clk 00:00:47]}
{[%emt 00:03:42]} 41. f4 {[%clk 00:23:11]} {[%emt 00:07:57]} Re6 {[%clk
00:26:40]} {[%emt 00:04:36]} 42. Nf5 {[%clk 00:19:42]} {[%emt 00:03:59]} Rc6
{[%clk 00:21:30]} {[%emt 00:05:40]} 43. Ne3 {[%clk 00:11:31]} {[%emt 00:08:42]}
Qa7 {[%clk 00:19:49]} {[%emt 00:02:10]} 44. Rd4 {[%clk 00:03:56]} {[%emt
00:08:06]} Qa5 {[%clk 00:18:48]} {[%emt 00:01:31]} 45. Qf5 {[%clk 00:02:15]}
{[%emt 00:02:11]} Qb5 {[%clk 00:16:18]} {[%emt 00:03:00]} 46. Qxh5 {[%clk
00:01:10]} {[%emt 00:01:35]} c2 {[%clk 00:16:06]} {[%emt 00:00:43]} 47. e6
{[%clk 00:01:11]} {[%emt 00:00:29]} Rxe6 {[%clk 00:15:59]} {[%emt 00:00:37]}
0-1